03398nam a2200529Ia 45000010005000000080041000050100009000460410014000550820014000692450238000832600021003213000007003425200006003496300012003556300014003676500039003816900024004207000054004447000034004987000043005329010086005759020006006619030062006679040018007299050036007479060006007839070014007899080014008039090045008179100015008629110010008779120014008879130009009019140026009109150019009369160009009559170009009649180014009739190017009875201805010049210007028099220007028169230006028239240014028299420010028439990015028531675241029s9999 xx 000 0 und d a1566 aEspañol aNO APLICA 0aPráctica de los valores éticos institucionales en el ejercicio del liderazgo legítimo para una gestión de calidad en los Centros de Educación Básica, Distrito 16-05, Piedra Blanca, Monseñor Nouel, República Dominicana aMonseñor Nouel a98 a7 aCalidad aLiderazgo aAdministración de la Educación aCopiado sin cambios easesoraJiménez de Ríos, María Auxiliadora  eautoraReyes Acosta, Josefina eautoraFeliz Ramírez, Thelma Damaris a{"1":"Reyes Acosta","2":"Feliz Ramírez"}b{"1":"Josefina","2":"Thelma Damaris"} a1 a{"1":"Jiménez de Ríos"}b{"1":"María Auxiliadora "} aMaestría en aGestión de Centros Educativos a2 aNO APLICA aNO APLICA aUniversidad Adventista Dominicana (UNAD) aNULLbNULL a["1"] aNO APLICA aNULL a01 de Febrero de 2008 a20/07/15 11:07 aNULL aNULL aNO APLICA a["28","131"] aNuestro objetivo es describir la forma en que la práctica de los valores éticos institucionales en el ejercicio de un liderazgo legitimo, contribuye al desarrollo de una gestión de calidad, en los centros educativos Ambrosina Ramírez de Abad y Salomé Ureña de Piedra Blanca, Monseñor Nouel. La Investigación es de tipo descriptiva. El instrumento de investigación utilizado fue un cuestionario de veinte y cinco (25) preguntas cuya validez y confiabilidad se determinó por medio de una prueba piloto en la escuela Eugenio M. de Hostos en Maimón.Los principales hallazgos indican que la responsabilidad, solidaridad, identidad y justicia son los valores éticos practicados por este personal y se encuentran reflejados en las filosofías de dichos centros. El liderazgo que predomina es el legítimo. Este a su vez se relaciona con los valores éticos reflejados en las misiones de las instituciones.La forma de practicar los valores éticos, con el ejercicio de un liderazgo legitimo, que contribuya a elevar la calidad de la gestión, es que tanto directivos como docentes asuma con responsabilidad la práctica de una manera personal y como un cuerpo colegiado, formando jóvenes capaces de manifestar los valores constituidos dentro de su misión y promoviendo en los estudiantes los buenos modales y costumbres. También desarrollando programas y proyectos enfocados al rescate e inculcación de valores.El fomento, la promoción y el desarrollo del liderazgo, para la formación de una educación en valores, requiere la participación de toda la comunidad educativa del centro y amigos de la escuela que se identifiquen con el centro y asuman un compromiso apoyando las normas y metas de la institución para el logro de una gestión educativa de calidad. a28 a28 a0 aNO APLICA cTesis c1566d1566